000 01506cad a22002535a 4500
001 L144770
008 080811e20080805xxkado f s f000 0 eng d
020 _a9781409803133
035 _a(Sirsi) u144770
041 0 _aeng
050 0 4 _a711.3 $2 18
110 2 _aUnited Kingdom
_bDepartment for Communities and Local Government
_94939
245 0 4 _aThe Community Infrastructure Levy
_h[electronic resource]
260 _aLondon
_bDCLG
_c2008
505 2 _aSpending CIL -- Infrastructure delivery -- Setting CIL -- Paying CIL -- Planning obligations -- Implementation: introduction; timing and transitional arrangements; skills and capacity; implementing CIL efficiently; review of CIL -- Wales
520 _aLooks at the forthcoming Community Infrastructure Levy, which local authorities will be empowered to charge on any new developments in their area. Charges will be based on a formula that will relate the size of any charge to the size and character of the development for which it is being paid. Proceeds from the levy will be used to support local infrastructure development.
521 _aAdvanced
590 _aKA NTK
650 2 4 _aCOMMUNITY INFRASTRUCTURE LEVY
651 4 _aEngland and Wales
_y1543-
690 _aPlanning and development
_96259
856 4 0 _uhttps://webarchive.nationalarchives.gov.uk/20090804171000/http://www.communities.gov.uk/documents/planningandbuilding/pdf/communityinfrastructurelevy.pdf
_zView the item free of charge at www.communities.gov.uk
942 _n0
999 _c108613
_d108613